000 00907cam a2200277 i 4500
001 4663653
003 USPCAS-E
005 20180118181418.0
008 810916s1981 dcua b 001 0 eng
010 _a 80025862
040 _aDLC
_cDLC
_dDLC
050 0 0 _aTK9145
_b.K58 1981
082 0 0 _a621.48
_219
_bKNI-N 1981
100 1 _aKnief, Ronald Allen,
_d1944-
245 1 0 _aNuclear energy technology :
_btheory and practice of commercial nuclear power /
_cRonald Allen Knief.
260 _aWashington :
_bHemisphere Pub. Corp. ;
_aNew York :
_bMcGraw-Hill,
_cc1981.
300 _axv, 605 p. :
_bill. ;
_c24 cm.
490 0 _aMcGraw-Hill series in nuclear engineering
500 _aIncludes indexes.
502 _a.
504 _aBibliography: p. 571-587.
650 0 _aNuclear engineering.
650 0 _aNuclear energy.
906 _a7
_bcbc
_corignew
_d1
_eocip
_f19
_gy-gencatlg
942 _2ddc
_cBK
999 _c355925
_d355925